Viikonpäivät viidellä kielellä - Statistics

Yleistilastot
  • Tätä visaa on pelattu 628 kertaa
  • Keskiarvotulos 16 / 35
Vastaustilastot
Päivä Kieli Sana % Oikein
Maanantai englanti Monday
99%
Perjantai englanti Friday
95%
Sunnuntai englanti Sunday
94%
Tiistai englanti Tuesday
94%
Lauantai englanti Saturday
93%
Keskiviikko englanti Wednesday
93%
Torstai englanti Thursday
92%
Maanantai ruotsi Måndag
78%
Perjantai ruotsi Fredag
75%
Tiistai ruotsi Tisdag
75%
Sunnuntai ruotsi Söndag
74%
Lauantai ruotsi Lördag
70%
Keskiviikko ruotsi Onsdag
69%
Torstai ruotsi Torsdag
64%
Maanantai saksa Montag
46%
Sunnuntai saksa Sonntag
37%
Perjantai saksa Freitag
35%
Keskiviikko saksa Mittwoch
32%
Tiistai saksa Dienstag
29%
Torstai saksa Donnerstag
28%
Lauantai saksa Samstag
26%
Maanantai ranska Lundi
22%
Keskiviikko ranska Mercredi
22%
Tiistai ranska Mardi
21%
Sunnuntai ranska Dimanche
18%
Sunnuntai espanja Domingo
18%
Maanantai espanja Lunes
18%
Lauantai ranska Samedi
18%
Torstai ranska Jeudi
17%
Tiistai espanja Martes
17%
Keskiviikko espanja Miércoles
17%
Perjantai ranska Vendredi
17%
Lauantai espanja Sábado
16%
Perjantai espanja Viernes
14%
Torstai espanja Jueves
13%
Ehtoja vastaavia visoja ei löytynyt
Tulosjakauma
Jokaisen tuloksen saaneiden osuus
Persentiili vastausten määrän mukaan
Tuloshistoriasi
Et ole pelannut tätä visaa